000 00537pab a2200193 454500
008 180718b2013 xxu||||| |||| 00| 0 eng d
100 _aMustafa, Seema
245 _aWhat are the limits? Working on plitical issues in Kashmir
260 _c2013
300 _ap.22-25.
362 _a12 Jan
650 _aJammu and Kashmir - Politics and government
650 _aPolitics and government
700 _aChenoy, Anuradha
700 _aChenoy, Kamal Mitra
773 _aEconomic and Political Weekly
908 _aN
909 _a98576
999 _c98575
_d98575